Statistics for Merged Country Shapes Quiz #1

Click here to take the quiz!

General Stats

  • This quiz has been taken 19,870 times
    (19,260 since last reset)
  • The average score is 29 of 40

Answer Stats

Country % Correct
Sweden
97%
Finland
96%
Spain
94%
Portugal
93%
Germany
90%
Denmark
89%
South Africa
85%
Austria
84%
Laos
83%
Cambodia
81%
Panama
81%
Switzerland
81%
South Korea
80%
North Korea
80%
Myanmar
79%
Croatia
78%
Libya
78%
Bangladesh
78%
Mozambique
77%
Tunisia
77%
Costa Rica
76%
Somalia
75%
Serbia
74%
Ethiopia
74%
Sudan
72%
Haiti
72%
South Sudan
71%
Dominican Republic
71%
Czech Republic
68%
Slovakia
67%
Poland
53%
Belarus
51%
Kenya
49%
Venezuela
48%
Colombia
48%
Tanzania
47%
Bolivia
43%
Paraguay
42%
Kyrgyzstan
42%
Tajikistan
42%

Score Distribution

Percentile by Number Answered

Percent of People with Each Score

Your Score History

You have not taken this quiz since the last reset